CDIO в непрерывной подготовке школа-вуз: этап “Conceive” в довузовской подготовке; Инженерное образование; № 16
| Parent link: | Инженерное образование: электронный научный журнал/ Ассоциация инженерного образования России (АИОР).— : [Б. и.], 2003-.— 1810-2883 № 16.— 2014.— [С. 47-53] |
|---|---|
| Autor principal: | |
| Altres autors: | |
| Sumari: | Заглавие с титульного листа Рассматривается созданная с непосредственным участием авторов система раскрытия потенциальной интеллектуальной одаренности учащихся на основе ТРИЗ-педагогики и «привязки» их, как будущих абитуриентов, к инновационному университету через инновационно-проектную деятельность. Анализируются возможности названной системы для реализации этапа "Conceive" ("Задумай") в довузовской подготовке в университеты, применяющие систему CDIO. |
| Idioma: | rus |
| Publicat: |
2014
|
| Col·lecció: | CDIO: от школьника до специалиста |
| Matèries: | |
| Accés en línia: | https://old.aeer.ru/files/io/m16/art_5.pdf |
| Format: | MixedMaterials Electrònic Capítol de llibre |
| KOHA link: | https://koha.lib.tpu.ru/cgi-bin/koha/opac-detail.pl?biblionumber=542936 |
MARC
| LEADER | 00000naa2a2200000 4500 | ||
|---|---|---|---|
| 001 | 542936 | ||
| 005 | 20250520140609.0 | ||
| 035 | |a (RuTPU)RU\TPU\prd\233507 | ||
| 035 | |a RU\TPU\prd\233506 | ||
| 090 | |a 542936 | ||
| 100 | |a 20150319a2014 k y0rusy50 ca | ||
| 101 | 0 | |a rus | |
| 102 | |a RU | ||
| 135 | |a drcn ---uucaa | ||
| 181 | 0 | |a i | |
| 182 | 0 | |a b | |
| 200 | 1 | |a CDIO в непрерывной подготовке школа-вуз: этап “Conceive” в довузовской подготовке |b Электронный ресурс |f О. В. Сидоркина, Т. В. Погребная | |
| 203 | |a Текст |c электронный | ||
| 215 | |a 1 файл (591 Кб) | ||
| 225 | 1 | |a CDIO: от школьника до специалиста | |
| 230 | |a Электронные текстовые данные (1 файл : 591 Кб) | ||
| 300 | |a Заглавие с титульного листа | ||
| 320 | |a [Библиогр.: с. 53 (12 назв.)] | ||
| 330 | |a Рассматривается созданная с непосредственным участием авторов система раскрытия потенциальной интеллектуальной одаренности учащихся на основе ТРИЗ-педагогики и «привязки» их, как будущих абитуриентов, к инновационному университету через инновационно-проектную деятельность. Анализируются возможности названной системы для реализации этапа "Conceive" ("Задумай") в довузовской подготовке в университеты, применяющие систему CDIO. | ||
| 337 | |a Adobe Reader | ||
| 461 | 1 | |0 (RuTPU)RU\TPU\prd\176632 |x 1810-2883 |t Инженерное образование |o электронный научный журнал |f Ассоциация инженерного образования России (АИОР) |n [Б. и.] |d 2003- | |
| 463 | 1 | |0 (RuTPU)RU\TPU\prd\1188 |t № 16 |v [С. 47-53] |d 2014 | |
| 610 | 1 | |a инженерное образование | |
| 610 | 1 | |a электронный ресурс | |
| 610 | 1 | |a CDIO | |
| 610 | 1 | |a довузовская подготовка | |
| 610 | 1 | |a ТРИЗ | |
| 610 | 1 | |a инновационные процессы | |
| 610 | 1 | |a вузы | |
| 700 | 1 | |a Сидоркина |b О. В. | |
| 701 | 1 | |a Погребная |b Т. В. | |
| 801 | 1 | |a RU |b 63413507 |c 20090623 |g PSBO | |
| 801 | 2 | |a RU |b 63413507 |c 20180426 |g PSBO | |
| 856 | 4 | |u https://old.aeer.ru/files/io/m16/art_5.pdf | |
| 942 | |c BK | ||